000 00810nam a2200181Ia 4500
008 090630s9999 xx 000 0 und d
082 _b17324
100 _aजेम्स डब्ल्यु बेस्ट अनु. दुर्वे लालू.
245 _aटायगर डेज.
_cजेम्स डब्ल्यु बेस्ट अनु. दुर्वे लालू.
260 _bदिलीप.
300 _a0
600 _aजेम्स डब्ल्यु बेस्ट अनु. दुर्वे लालू.
630 _aटायगर डेज.
655 _aलघुकथा.
700 _aजेम्स डब्ल्यु बेस्ट अनु. दुर्वे लालू.
730 _aटायगर डेज.
942 _cBOOK
999 _c269180
_d269180